000 00753nam a22002057a 4500
005 20241010124355.0
010 _aENG-142027
020 _a9788194991335
_c960.00
035 _aEN-122229
037 _bDBAD
082 _a581.634
245 _aFlora Of Uttar Pradesh:
_bAraliaceac- Ceratophyllaceac/
_cEdited by G.P. Sinha [and] A.N. Shukla
260 _aKolkata
_bThe Director, Botanical Survey of India
_c2020
270 _aCGO Complex, 3rd MSO Building, Block - F, 5th & 6th Floor, DF - Block, Sector-1, Salt Lake City
_bKolkata
_e700064
300 _acxxxvi,643p.
_c25cm.(Hb)
_bcol,ill
490 _vVol-2
700 _aSinha, G.P.
_eEditor
_972566
700 _aShukla, A.N.
_eEditor
_972567
942 _2ddc
_cEN
_h581.634
_mFLO
999 _c206248
_d206248